Introduction To Solid State Physics And Its Applications (Record no. 164635)

MARC details
000 -LEADER
fixed length control field 00499nam a2200181Ia 4500
008 - FIXED-LENGTH DATA ELEMENTS--GENERAL INFORMATION
fixed length control field 230612s9999 xx 000 0 und d
041 ## - LANGUAGE CODE
Language code of text/sound track or separate title eng
082 ## - DEWEY DECIMAL CLASSIFICATION NUMBER
Classification number 530.4'1 ELL
100 ## - MAIN ENTRY--PERSONAL NAME
Personal name Elliot R.J.
9 (RLIN) 149367
245 ## - TITLE STATEMENT
Title Introduction To Solid State Physics And Its Applications
260 ## - PUBLICATION, DISTRIBUTION, ETC. (IMPRINT)
Date of publication, distribution, etc. 1982
Name of publisher, distributor, etc. E.L.B.S. & Macmillan India Publication
300 ## - PHYSICAL DESCRIPTION
Extent 489
365 ## - TRADE PRICE
Currency code Rs.
500 ## - GENERAL NOTE
Keywords D.
700 ## - ADDED ENTRY--PERSONAL NAME
Personal name Elliot R.J. & Gibson A.F.
9 (RLIN) 184369
906 ## - LOCAL DATA ELEMENT F, LDF (RLIN)
d B:01-Apr-1996
c PHY
Holdings
Withdrawn status Lost status Damaged status Not for loan Home library Current library Date acquired Vendor Budget Code Total Checkouts Full call number Barcode Date last seen Bill Date Koha item type Original Barcode
        Cummins College of Engineering for Women Pune Cummins College of Engineering for Women Pune 02/12/1991 Masurkar Enterprises PHY   530.4'1 ELL CCEP-BK-352 12/06/2023 01/04/1996 Books 000352